Poverty alleviation through microfinance in some parts of Burdwan district, West Bengal (Record no. 23106)
[ view plain ]
| 000 -LEADER | |
|---|---|
| fixed length control field | 00526nam a2200133Ia 4500 |
| 082 ## - DEWEY DECIMAL CLASSIFICATION NUMBER | |
| Classification number | RS.0886 |
| 100 ## - MAIN ENTRY--AUTHOR NAME | |
| Personal name | Sarkar, Manjari |
| Affiliation | Kandra RadhaKanta Kundu Mahavidyalaya(KANDRA COLLEGE) |
| Place | West Bengal |
| 245 ## - TITLE STATEMENT | |
| Title | Poverty alleviation through microfinance in some parts of Burdwan district, West Bengal |
| 260 ## - PUBLICATION, DISTRIBUTION, ETC. (IMPRINT) | |
| Year of publication | 2014 |
| Place of publication | West Bengal |
| 300 ## - PHYSICAL DESCRIPTION | |
| Number of Pages | iv, 104p |
| 536 ## - FUNDING INFORMATION NOTE | |
| Funding Agency | Indian Council of Social Science Research, New Delhi |
| 650 ## - SUBJECT ADDED ENTRY--TOPICAL TERM | |
| Topical Term | Micro-finance |
| Form subdivision | Economic conditions |
| -- | Poverty |
| Geographic subdivision | Burdwan |
| -- | West Bengal |
| -- | India |
| 942 ## - ADDED ENTRY ELEMENTS (KOHA) | |
| Koha item type | Research Reports |
| Source of classification or shelving scheme | Dewey Decimal Classification |
| Withdrawn status | Lost status | Damaged status | Not for loan | Collection code | Home library | Current library | Date acquired | Source of acquisition | Bill Date | Full call number | Accession Number | Price effective from | Koha item type |
|---|---|---|---|---|---|---|---|---|---|---|---|---|---|
| Not For Loan | Minor Research project Reports | NASSDOC Library | NASSDOC Library | 03/08/2018 | Gifted by : RP Division ICSSR | 2018-07-05 | RS.0886 | 49966 | 18/04/2019 | Research Reports |
